000 00612nam a2200205Ia 4500
008 191130s2009##################000#0#eng##
020 _a9783039119011
022 _a2009007627
040 _aACL
_cACL
082 _a150.195 OLI
100 _aOlivier, Bert
245 _aPhilosophy and psychoanalytic theory : collected essays
_cBert Olivier
260 _aBern
_bPeter Lang
_c2009
300 _axii, 245 p. ; 22 cm
500 _aIncludes bibliographical references and index
650 _aPsychoanalysis and philosophy
990 _a7b4e4b13ac10000c1f85fb1864bddd00
991 _a190659
999 _c35459
_d35459